| 000 | 00388nam a2200157Ia 4500 | ||
|---|---|---|---|
| 003 | 0STCL | ||
| 008 | 150530s9999 xx 000 0 und d | ||
| 040 |
_aSTCL _cSTCL |
||
| 100 | _aSachs Jerome, M.; Rasmusen Ruth, B.; Purcell William, J. | ||
| 245 | _aBasic college mathematics | ||
| 260 | _c1960 | ||
| 546 | _aEnglish | ||
| 942 |
_2ddc _cBK |
||
| 999 |
_c24890 _d24890 |
||
| 005 | 20220125170024.0 | ||